Motivasi diri : membina imaginasi cemerlang

Bibliographic Details
Main Author: HM. Tuah Iskandar al-Haj
Format: Book
Published: Petaling Jaya : Karya Bistari , 2001
Subjects:

MARC

LEADER 00000cam a2200000 7i4500
001 0000052817
005 20050810.0
020 |a 9678602075 
090 0 0 |a 153.8   |b HMT 
100 0 |a HM. Tuah Iskandar al-Haj   |f Dr. 
245 1 0 |a Motivasi diri :   |b membina imaginasi cemerlang   |c Dr. HM. Tuah Iskandar al-Haj 
260 |a Petaling Jaya :   |b Karya Bistari ,   |c 2001 
300 |a 320p. ;   |c 22cm. 
650 0 0 |a Achievement motivation 
650 0 0 |a Motivation (Psychology) 
999 |a 00185476   |b BUKU   |c PINJAMAN   |e PERPUSTAKAAN KOMUNITI PETALING JAYA 
999 |a 125693   |b BUKU   |c PINJAMAN   |e PERPUSTAKAAN KOMUNITI PETALING JAYA 
999 |a 125694   |b BUKU   |c PINJAMAN   |e PERPUSTAKAAN KOMUNITI PETALING JAYA